[Event "Novosibirsk Sukharev Memorial Seniors"]
[Site "Novosibirsk"]
[Date "2012.07.26"]
[Round "9"]
[White "Prokhorenko, Alexander"]
[Black "Kuzin, Vladimir"]
[Result "0-1"]
[WhiteElo "1876"]
[BlackElo "2002"]
[PlyCount "70"]
[EventDate "2012.07.18"]
[EventType "swiss"]
[EventRounds "9"]
[EventCountry "RUS"]
[SourceTitle "EXT 2014"]
[Source "ChessBase"]
[SourceDate "2013.11.20"]
[SourceVersion "1"]
[SourceVersionDate "2013.11.20"]
[SourceQuality "1"]

1. d4 d5 2. c4 Nf6 3. Nf3 a6 4. Nc3 dxc4 5. a4 Nc6 6. e4 Bg4 7. d5 Ne5 8. Be2 Bxf3 9. gxf3 e6 10. f4 Nd3+ 11. Bxd3 cxd3 12. dxe6 fxe6 13. Qb3 Qd7 14. Qxb7 Rd8 15. Bd2 Bc5 16. Qxa6 0-0 17. h3 Nh5 18. f5 Rde8 19. 0-0-0 Kh8 20. Qb5 Qd6 21. Rhf1 Rb8 22. e5 Qe7 23. f6 gxf6 24. exf6 Nxf6 25. Qxd3 Ba3 26. Nb5 Bxb2+ 27. Kxb2 c6 28. Bc3 cxb5 29. axb5 Qc5 30. Qf3 Qxb5+ 31. Kc2 Qa4+ 32. Kd2 Rbd8+ 33. Ke3 Qb3 34. Rxd8 Qxc3+ 35. Rd3 Qe5+ 0-1

[Event "Novosibirsk Sukharev Memorial Seniors"]
[Site "Novosibirsk"]
[Date "2012.07.19"]
[Round "2"]
[White "Glazkov, Leonid"]
[Black "Prokhorenko, Alexander"]
[Result "1/2-1/2"]
[WhiteElo "1848"]
[BlackElo "1876"]
[PlyCount "56"]
[EventDate "2012.07.18"]
[EventType "swiss"]
[EventRounds "9"]
[EventCountry "RUS"]
[SourceTitle "EXT 2014"]
[Source "ChessBase"]
[SourceDate "2013.11.20"]
[SourceVersion "1"]
[SourceVersionDate "2013.11.20"]
[SourceQuality "1"]

1. d4 d5 2. c4 e6 3. Nc3 Be7 4. cxd5 exd5 5. Nf3 Nf6 6. Bg5 h6 7. Bh4 0-0 8. e3 b6 9. Qb3 Be6 10. Rc1 c5 11. Be2 Nbd7 12. 0-0 Ne4 13. Bxe7 Qxe7 14. Qa3 Qf6 15. Rfd1 Qf5 16. Qb3 g5 17. Bf1 g4 18. Nxe4 gxf3 19. Ng3 Qg6 20. Qc2 Qxc2 21. Rxc2 fxg2 22. Bxg2 c4 23. e4 Nf6 24. exd5 Nxd5 25. Rxc4 Ne3 26. fxe3 Bxc4 27. Bxa8 Rxa8 28. b3 Ba6 1/2-1/2

[Event "Novosibirsk AS-90 Seniors op"]
[Site "Novosibirsk"]
[Date "2010.11.17"]
[Round "5.9"]
[White "Prokhorenko, Alexander"]
[Black "Pisarsky, Georgy"]
[Result "1/2-1/2"]
[WhiteElo "1866"]
[BlackElo "2049"]
[PlyCount "32"]
[EventDate "2010.11.05"]
[EventType "swiss"]
[EventRounds "9"]
[EventCountry "RUS"]
[SourceTitle "EXT 2022"]
[Source "ChessBase"]
[SourceDate "2021.10.06"]
[SourceVersion "1"]
[SourceVersionDate "2021.10.06"]
[SourceQuality "1"]

1. e4 e6 2. d4 d5 3. Nd2 Nc6 4. Bb5 Bd7 5. Ngf3 Nf6 6. e5 Ne4 7. 0-0 Nxd2 8. Bxd2 Nxe5 9. Nxe5 Bxb5 10. Re1 Bd6 11. Qg4 0-0 12. a4 Ba6 13. b4 b6 14. b5 Bb7 15. a5 Bxe5 16. Rxe5 g6 1/2-1/2

[Event "Novosibirsk AS-90 Seniors op"]
[Site "Novosibirsk"]
[Date "2010.11.09"]
[Round "3.7"]
[White "Prokhorenko, Alexander"]
[Black "Konjkov, Victor"]
[Result "0-1"]
[WhiteElo "1866"]
[BlackElo "2019"]
[PlyCount "68"]
[EventDate "2010.11.05"]
[EventType "swiss"]
[EventRounds "9"]
[EventCountry "RUS"]
[SourceTitle "EXT 2022"]
[Source "ChessBase"]
[SourceDate "2021.10.06"]
[SourceVersion "1"]
[SourceVersionDate "2021.10.06"]
[SourceQuality "1"]

1. d4 Nf6 2. c4 c5 3. d5 b5 4. cxb5 a6 5. bxa6 Bxa6 6. Nc3 g6 7. Nf3 d6 8. g3 Bg7 9. Bg2 0-0 10. 0-0 Nbd7 11. Re1 Nb6 12. e4 Nc4 13. Bf1 Nd7 14. Bxc4 Bxc4 15. Qc2 Qa5 16. Nd2 Ba6 17. Nb3 Qb6 18. Bf4 Rfb8 19. Rab1 c4 20. Nd2 Qb4 21. a3 Qb7 22. b4 cxb3 23. Rxb3 Qc7 24. Ndb1 Rxb3 25. Qxb3 Rb8 26. Qc2 Rxb1 27. Rxb1 Qxc3 28. Qa4 Qd3 29. Rc1 Nf8 30. h4 h6 31. Qe8 Qxe4 32. Bxd6 Qxd5 33. Qxe7 Bb7 34. f3 Qxf3 0-1

[Event "Novosibirsk Seniors op"]
[Site "Novosibirsk"]
[Date "2010.09.30"]
[Round "6"]
[White "Prokhorenko, Alexander"]
[Black "Glazkov, Leonid"]
[Result "1/2-1/2"]
[WhiteElo "1861"]
[BlackElo "1948"]
[PlyCount "48"]
[EventDate "2010.09.24"]
[EventType "swiss"]
[EventRounds "9"]
[EventCountry "RUS"]
[SourceTitle "EXT 2014"]
[Source "ChessBase"]
[SourceDate "2013.11.20"]
[SourceVersion "1"]
[SourceVersionDate "2013.11.20"]
[SourceQuality "1"]

1. d4 d5 2. c4 dxc4 3. Nf3 Nd7 4. Qa4 c6 5. Qxc4 Nb6 6. Qc2 Nf6 7. Nc3 Nbd5 8. e4 Nxc3 9. bxc3 g6 10. Ba3 Bg7 11. Bc4 0-0 12. 0-0 b5 13. Bb3 a5 14. Ne5 Bb7 15. Bc5 Nd7 16. Nxd7 Qxd7 17. Rad1 Rfe8 18. f4 e6 19. a3 f5 20. Qb1 Bf8 21. Bxf8 Kxf8 22. Kh1 Qc7 23. c4 b4 24. axb4 axb4 1/2-1/2

[Event "Novosibirsk Seniors op"]
[Site "Novosibirsk"]
[Date "2010.09.29"]
[Round "5"]
[White "Gavrilov, Gennady"]
[Black "Prokhorenko, Alexander"]
[Result "1-0"]
[WhiteElo "2091"]
[BlackElo "1861"]
[PlyCount "74"]
[EventDate "2010.09.24"]
[EventType "swiss"]
[EventRounds "9"]
[EventCountry "RUS"]
[SourceTitle "EXT 2014"]
[Source "ChessBase"]
[SourceDate "2013.11.20"]
[SourceVersion "1"]
[SourceVersionDate "2013.11.20"]
[SourceQuality "1"]

1. e4 e6 2. d4 d5 3. Nc3 Bb4 4. exd5 exd5 5. Nf3 Nf6 6. Be2 0-0 7. 0-0 Re8 8. Bg5 c6 9. Ne5 Bf5 10. Bd3 Bxd3 11. Qxd3 Nbd7 12. Nxd7 Qxd7 13. Bxf6 gxf6 14. Nd1 Qg4 15. Ne3 Qe4 16. Qd1 Qg6 17. Qf3 Re4 18. c3 Bd6 19. Nf5 Bc7 20. Qxe4 dxe4 21. Ne7+ Kg7 22. Nxg6 hxg6 23. Rae1 f5 24. Re2 Bf4 25. g3 Bg5 26. f3 Re8 27. Rfe1 Rh8 28. fxe4 f4 29. Kg2 f5 30. exf5 gxf5 31. gxf4 Bh4 32. Rg1 Kf6 33. Kf3 Kf7 34. Re5 Rh6 35. Rg2 Bf6 36. b4 b5 37. Ke3 a5 1-0

[Event "Novosibirsk November op"]
[Site "Novosibirsk"]
[Date "2009.11.26"]
[Round "7"]
[White "Prokhorenko, Alexander"]
[Black "Korobkov, Vadim"]
[Result "1-0"]
[WhiteElo "1869"]
[BlackElo "1829"]
[PlyCount "124"]
[EventDate "2009.11.16"]
[EventType "swiss"]
[EventRounds "9"]
[EventCountry "RUS"]
[SourceTitle "EXT 2011"]
[Source "ChessBase"]
[SourceDate "2010.11.26"]
[SourceVersion "1"]
[SourceVersionDate "2010.11.26"]
[SourceQuality "1"]

1. d4 Nf6 2. c4 e6 3. Nc3 d5 4. Bg5 Nbd7 5. e3 c6 6. Nf3 Qa5 7. Bxf6 Nxf6 8. a3 Be7 9. Bd3 dxc4 10. Bxc4 0-0 11. 0-0 Nd5 12. Ne4 Nf6 13. b4 Qd8 14. Bd3 Nxe4 15. Bxe4 f6 16. Rc1 Bd7 17. Bb1 Be8 18. Ba2 Bf7 19. Qe2 a6 20. Rfd1 Kh8 21. Ne1 Qd6 22. Nd3 b6 23. Nb2 b5 24. Qf3 Rfc8 25. Nd3 Bg6 26. Nf4 Bf7 27. Nd3 g5 28. Nc5 Kg7 29. e4 a5 30. Nb7 Qf4 31. Qxf4 gxf4 32. Nxa5 e5 33. Bxf7 Kxf7 34. d5 cxd5 35. exd5 Bd6 36. Rc6 Rxc6 37. dxc6 Ke6 38. Nb7 Bc7 39. h3 Rxa3 40. Rd7 Ra1+ 41. Kh2 Bb6 42. Nc5+ Kf5 43. Rb7 Bxc5 44. bxc5 Ra8 45. Rxb5 Rc8 46. Rb6 h5 47. Ra6 e4 48. Kg1 h4 49. Kf1 Ke5 50. Ke2 Rc7 51. Kd2 Kd5 52. Kc3 Rxc6 53. Rxc6 Kxc6 54. Kc4 e3 55. fxe3 fxe3 56. Kd3 Kxc5 57. Kxe3 Kd5 58. Kf4 Ke6 59. Kg4 Kf7 60. Kxh4 Kg6 61. Kg4 Kg7 62. Kf5 Kf7 1-0

[Event "Novosibirsk November op"]
[Site "Novosibirsk"]
[Date "2009.11.24"]
[Round "6"]
[White "Prokhorenko, Alexander"]
[Black "Stepanenko, Leonid"]
[Result "1-0"]
[WhiteElo "1869"]
[BlackElo "1857"]
[PlyCount "84"]
[EventDate "2009.11.16"]
[EventType "swiss"]
[EventRounds "9"]
[EventCountry "RUS"]
[SourceTitle "EXT 2011"]
[Source "ChessBase"]
[SourceDate "2010.11.26"]
[SourceVersion "1"]
[SourceVersionDate "2010.11.26"]
[SourceQuality "1"]

1. d4 d5 2. c4 e6 3. Nc3 Nf6 4. Bg5 c6 5. e3 Nbd7 6. Nf3 Be7 7. Bd3 h6 8. Bxf6 Nxf6 9. 0-0 0-0 10. cxd5 exd5 11. Rc1 Bg4 12. Be2 Bd6 13. a3 a6 14. b4 Qc7 15. h3 Bh5 16. Nh4 Bxe2 17. Qxe2 Qd7 18. Nf3 Rae8 19. Na4 Ne4 20. Nc5 Nxc5 21. bxc5 Bb8 22. Rb1 f5 23. Rb3 f4 24. Rfb1 fxe3 25. Rxe3 Rxe3 26. Qxe3 Re8 27. Rxb7 Qxb7 28. Qxe8+ Kh7 29. g3 Bc7 30. Qd7 Kg8 31. Kg2 Qb8 32. Qxc6 Qd8 33. Qe6+ Kh7 34. Qf7 Bb8 35. Nh4 Qg8 36. Qg6+ Kh8 37. Nf5 a5 38. a4 Bc7 39. Ne7 Qd8 40. Nxd5 h5 41. Nxc7 Qxc7 42. Qe8+ Kh7 1-0

[Event "Novosibirsk November op"]
[Site "Novosibirsk"]
[Date "2009.11.20"]
[Round "4"]
[White "Maslov, Vladimir2222"]
[Black "Prokhorenko, Alexander"]
[Result "1-0"]
[WhiteElo "1878"]
[BlackElo "1869"]
[PlyCount "107"]
[EventDate "2009.11.16"]
[EventType "swiss"]
[EventRounds "9"]
[EventCountry "RUS"]
[SourceTitle "EXT 2011"]
[Source "ChessBase"]
[SourceDate "2010.11.26"]
[SourceVersion "1"]
[SourceVersionDate "2010.11.26"]
[SourceQuality "1"]

1. e4 e6 2. d4 d5 3. Nc3 Bb4 4. e5 c5 5. Bd2 cxd4 6. Nb5 Be7 7. Qg4 g6 8. Nf3 Nc6 9. Nbxd4 Qb6 10. Nb3 Bd7 11. Bd3 a5 12. 0-0 Qc7 13. Rfe1 Nb4 14. Nbd4 Qb6 15. a3 Nxd3 16. cxd3 Rc8 17. b4 a4 18. Rac1 h5 19. Qf4 Nh6 20. Rxc8+ Bxc8 21. Rc1 Bd7 22. Be1 Nf5 23. Nxf5 exf5 24. Bc3 Be6 25. Bd4 Qd8 26. Qe3 0-0 27. Bb6 Qe8 28. Rc7 Kg7 29. Rxb7 Bxb4 30. axb4 Qb5 31. Qd2 Qa6 32. Ra7 Qxb6 33. Rxa4 Rc8 34. Ra2 d4 35. Rb2 Qc7 36. Kf1 Qc3 37. Ke2 f4 38. b5 Bf5 39. Qxc3 dxc3 40. Rc2 Be6 41. Nd4 Bd5 42. f3 Kf8 43. Nc6 Bxc6 44. bxc6 Rxc6 45. d4 Ke7 46. Kd3 Ke6 47. Rxc3 Rxc3+ 48. Kxc3 Kd5 49. h4 Ke6 50. Kc4 f6 51. exf6 Kxf6 52. Kd5 g5 53. hxg5+ Kxg5 54. Ke5 1-0

[Event "Novosibirsk November op"]
[Site "Novosibirsk"]
[Date "2009.11.19"]
[Round "3"]
[White "Prokhorenko, Alexander"]
[Black "Konjkov, Victor"]
[Result "1-0"]
[WhiteElo "1869"]
[BlackElo "1952"]
[PlyCount "35"]
[EventDate "2009.11.16"]
[EventType "swiss"]
[EventRounds "9"]
[EventCountry "RUS"]
[SourceTitle "EXT 2011"]
[Source "ChessBase"]
[SourceDate "2010.11.26"]
[SourceVersion "1"]
[SourceVersionDate "2010.11.26"]
[SourceQuality "1"]

1. d4 Nf6 2. c4 c5 3. d5 b5 4. cxb5 a6 5. Nc3 g6 6. e4 d6 7. Bg5 Bg7 8. Bd3 0-0 9. Nge2 Nbd7 10. 0-0 Ne5 11. a4 Bd7 12. h3 Qc7 13. f4 Nxd3 14. Qxd3 c4 15. Qe3 axb5 16. axb5 e5 17. fxe5 Ne8 18. Rxa8 1-0

[Event "Novosibirsk November op"]
[Site "Novosibirsk"]
[Date "2009.11.16"]
[Round "1"]
[White "Prokhorenko, Alexander"]
[Black "Bragin, Mikhail"]
[Result "1-0"]
[WhiteElo "1869"]
[BlackElo "1760"]
[PlyCount "41"]
[EventDate "2009.11.16"]
[EventType "swiss"]
[EventRounds "9"]
[EventCountry "RUS"]
[SourceTitle "EXT 2011"]
[Source "ChessBase"]
[SourceDate "2010.11.26"]
[SourceVersion "1"]
[SourceVersionDate "2010.11.26"]
[SourceQuality "1"]

1. d4 Nf6 2. c4 e6 3. Nc3 Bb4 4. Qc2 d5 5. e3 Ne4 6. a3 Bxc3+ 7. bxc3 Qf6 8. Nf3 Nc6 9. Bd3 Ng5 10. Nxg5 Qxg5 11. 0-0 h6 12. e4 Qd8 13. exd5 exd5 14. Re1+ Be6 15. Bf5 dxc4 16. Be4 Qd7 17. d5 0-0 18. dxc6 bxc6 19. Bf4 Bd5 20. Rad1 Bxe4 21. Qxe4 1-0

[Event "Novosibirsk Region-ch Seniors"]
[Site "Novosibirsk"]
[Date "2009.02.??"]
[Round "9"]
[White "Nikitin, Gennady Sergeevich"]
[Black "Prokhorenko, Alexander"]
[Result "1-0"]
[WhiteElo "2136"]
[BlackElo "1928"]
[PlyCount "68"]
[EventDate "2009.02.??"]
[EventType "swiss"]
[EventRounds "9"]
[EventCountry "RUS"]
[SourceTitle "EXT 2012"]
[Source "ChessBase"]
[SourceDate "2011.11.24"]
[SourceVersion "1"]
[SourceVersionDate "2011.11.24"]
[SourceQuality "1"]

1. d4 d5 2. Nf3 Nf6 3. c4 e6 4. Nc3 Be7 5. Bg5 0-0 6. e3 Nbd7 7. Rc1 c6 8. Bd3 b6 9. 0-0 Bb7 10. Qe2 dxc4 11. Bxc4 b5 12. Bd3 a5 13. Rfd1 a4 14. a3 h6 15. Bh4 Re8 16. e4 Rc8 17. h3 Nh5 18. Bxe7 Qxe7 19. Bb1 Nf4 20. Qe3 g5 21. Kh2 Nb6 22. e5 Nc4 23. Qe4 f5 24. exf6 Qxf6 25. Qh7+ Kf8 26. Ne4 Qg7 27. Qxg7+ Kxg7 28. Rxc4 bxc4 29. Nd6 Rb8 30. Nxe8+ Rxe8 31. Bc2 Ra8 32. Ne5 c5 33. dxc5 Bxg2 34. Rd7+ Kf6 1-0

[Event "Novosibirsk Region-ch Seniors"]
[Site "Novosibirsk"]
[Date "2009.02.??"]
[Round "5"]
[White "Reshetnikov, Anatoly"]
[Black "Prokhorenko, Alexander"]
[Result "0-1"]
[WhiteElo "2006"]
[BlackElo "1928"]
[PlyCount "46"]
[EventDate "2009.02.??"]
[EventType "swiss"]
[EventRounds "9"]
[EventCountry "RUS"]
[SourceTitle "EXT 2012"]
[Source "ChessBase"]
[SourceDate "2011.11.24"]
[SourceVersion "1"]
[SourceVersionDate "2011.11.24"]
[SourceQuality "1"]

1. d4 d5 2. c4 e6 3. Nc3 Nf6 4. Bg5 Be7 5. e3 Nbd7 6. Nf3 0-0 7. Rc1 c6 8. Bd3 b6 9. 0-0 Re8 10. Ne5 Nxe5 11. dxe5 Nd7 12. Bxe7 Qxe7 13. f4 Nf8 14. Qe2 Bb7 15. cxd5 exd5 16. Rf3 Rad8 17. h3 f6 18. Rd1 c5 19. Qf2 Qf7 20. Qh4 a6 21. Bf5 g6 22. Rg3 Kh8 23. Bc2 f5 0-1

[Event "Novosibirsk Sukharev Memorial Seniors"]
[Site "Novosibirsk"]
[Date "2008.07.25"]
[Round "6"]
[White "Prokhorenko, Alexander"]
[Black "Elchaninova, Galina"]
[Result "1/2-1/2"]
[WhiteElo "1946"]
[BlackElo "1787"]
[PlyCount "62"]
[EventDate "2008.07.20"]
[EventType "swiss"]
[EventRounds "9"]
[EventCountry "RUS"]
[SourceTitle "EXT 2022"]
[Source "ChessBase"]
[SourceDate "2021.10.06"]
[SourceVersion "1"]
[SourceVersionDate "2021.10.06"]
[SourceQuality "1"]

1. d4 e6 2. c4 Nf6 3. Nc3 d5 4. Bg5 Be7 5. Nf3 c6 6. e3 Nbd7 7. Rc1 dxc4 8. Bxc4 Nd5 9. Bxe7 Qxe7 10. 0-0 N7b6 11. Bd3 h6 12. a3 Bd7 13. Ne5 Nf6 14. b4 a6 15. Re1 0-0 16. Bb1 Be8 17. Qf3 Nbd5 18. Ne2 a5 19. e4 Nc7 20. Qg3 axb4 21. axb4 Nb5 22. Ng4 Nxg4 23. Qxg4 Qg5 24. Qh3 Ra3 25. g3 Rb3 26. f4 Qe7 27. f5 Bd7 28. e5 Qg5 29. f6 Qe3+ 30. Kh1 Qf3+ 31. Kg1 Qe3+ 1/2-1/2

[Event "Novosibirsk-ch Seniors"]
[Site "Novosibirsk"]
[Date "2008.02.06"]
[Round "4"]
[White "Prokhorenko, Alexander"]
[Black "Gulin, Yury"]
[Result "1/2-1/2"]
[WhiteElo "1946"]
[BlackElo "1957"]
[PlyCount "60"]
[EventDate "2008.02.03"]
[EventType "swiss"]
[EventRounds "9"]
[EventCountry "RUS"]
[SourceTitle "EXT 2010"]
[Source "ChessBase"]
[SourceDate "2010.11.25"]
[SourceVersion "1"]
[SourceVersionDate "2010.11.25"]
[SourceQuality "1"]

1. d4 Nf6 2. c4 c5 3. d5 g6 4. e4 d6 5. Nc3 Bg7 6. Nf3 Na6 7. Be2 Rb8 8. 0-0 0-0 9. Bg5 Nc7 10. Qc2 Bd7 11. a4 b6 12. Rad1 a6 13. h3 b5 14. b3 h6 15. Bf4 Qc8 16. e5 Nh5 17. Bh2 Bf5 18. Ne4 bxa4 19. bxa4 dxe5 20. Nxe5 Nf6 21. f3 Nce8 22. g4 Bd7 23. Nc6 Bxc6 24. Bxb8 Qxb8 25. dxc6 Nxe4 26. Qxe4 Qg3+ 27. Kh1 Qxh3+ 28. Kg1 Qg3+ 29. Kh1 Qh3+ 30. Kg1 Qg3+ 1/2-1/2

[Event "Novosibirsk-ch Seniors op"]
[Site "Novosibirsk"]
[Date "2007.09.25"]
[Round "2"]
[White "Prokhorenko, Alexander"]
[Black "Makarevich, Gennady"]
[Result "1-0"]
[WhiteElo "1958"]
[BlackElo "2026"]
[PlyCount "33"]
[EventDate "2007.09.24"]
[EventType "swiss"]
[EventRounds "9"]
[EventCountry "RUS"]
[SourceTitle "EXT 2022"]
[Source "ChessBase"]
[SourceDate "2021.10.06"]
[SourceVersion "1"]
[SourceVersionDate "2021.10.06"]
[SourceQuality "1"]

1. d4 e6 2. c4 g6 3. e4 Bg7 4. Nc3 Ne7 5. Bg5 b6 6. g3 Bb7 7. Bg2 d6 8. Nge2 h6 9. Be3 Qd7 10. 0-0 0-0 11. Qd2 Kh7 12. Rad1 Ng8 13. Qc2 Qe7 14. Rfe1 Nd7 15. Nf4 Ndf6 16. e5 dxe5 17. dxe5 1-0

[Event "Novosibirsk Sibiria op-D"]
[Site "Novosibirsk"]
[Date "2007.07.28"]
[Round "9"]
[White "Prokhorenko, Alexander"]
[Black "Chesnokov, Gennady"]
[Result "1-0"]
[WhiteElo "1958"]
[BlackElo "2018"]
[PlyCount "105"]
[EventDate "2007.07.20"]
[EventType "swiss"]
[EventRounds "9"]
[EventCountry "RUS"]
[SourceTitle "EXT 2008"]
[Source "ChessBase"]
[SourceDate "2007.11.25"]
[SourceVersion "1"]
[SourceVersionDate "2007.11.25"]
[SourceQuality "1"]

1. d4 Nf6 2. c4 e6 3. Nc3 Bb4 4. Qc2 b6 5. a3 Bxc3+ 6. bxc3 Bb7 7. Bg5 h6 8. Bxf6 Qxf6 9. e4 e5 10. Nf3 d6 11. Bd3 Nd7 12. 0-0 0-0 13. a4 a5 14. Rad1 Rad8 15. Qb2 Bc6 16. Bc2 Rfe8 17. Rfe1 Qf4 18. Qb1 Nf6 19. d5 Bb7 20. h3 Nd7 21. Re3 Nc5 22. Nd2 Bc8 23. Rf1 Bd7 24. Qd1 Rf8 25. Nf3 Qf6 26. Ne1 g6 27. Nd3 Nxd3 28. Qxd3 Kg7 29. Rg3 Qe7 30. f4 Qe8 31. f5 Kh7 32. h4 gxf5 33. exf5 f6 34. Rg6 Rf7 35. Rf3 Qf8 36. Rfg3 Re8 37. Qe4 Ree7 38. Qg4 Rg7 39. Qh5 Rxg6 40. fxg6+ Kg7 41. Bf5 Qc8 42. Be4 f5 43. Bc2 f4 44. Rg5 hxg5 45. Qh7+ Kf6 46. hxg5+ Kxg5 47. Qxe7+ Kg4 48. Bd1+ f3 49. g7 Bf5 50. Qf8 Qd7 51. g8Q+ Kf4 52. Qh6+ Ke4 53. Bc2# 1-0

[Event "Novosibirsk Sibiria op-D"]
[Site "Novosibirsk"]
[Date "2007.07.21"]
[Round "2"]
[White "Litvinov, Yuriy"]
[Black "Prokhorenko, Alexander"]
[Result "1/2-1/2"]
[WhiteElo "2307"]
[BlackElo "1958"]
[PlyCount "96"]
[EventDate "2007.07.20"]
[EventType "swiss"]
[EventRounds "9"]
[EventCountry "RUS"]
[SourceTitle "EXT 2008"]
[Source "ChessBase"]
[SourceDate "2007.11.25"]
[SourceVersion "1"]
[SourceVersionDate "2007.11.25"]
[SourceQuality "1"]

1. d4 d5 2. Bf4 Bf5 3. e3 e6 4. Bd3 Ne7 5. g4 Bxd3 6. Qxd3 Qd7 7. Nf3 Ng6 8. Bg3 Bd6 9. a3 Nc6 10. b4 0-0 11. Bxd6 Qxd6 12. Nc3 a6 13. h4 e5 14. dxe5 Ngxe5 15. Nxe5 Qxe5 16. f4 Qe6 17. 0-0-0 Ne7 18. f5 Qe5 19. Rdf1 f6 20. Rf4 Rad8 21. Rhf1 c6 22. g5 a5 23. Ne2 axb4 24. axb4 b6 25. Nd4 Ra8 26. Kd2 c5 27. Ne6 Rfc8 28. gxf6 gxf6 29. Rg1+ Kf7 30. Rg7+ Ke8 31. Qb5+ Nc6 32. bxc5 Ra3 33. Rg3 Qc3+ 34. Ke2 Qxc2+ 35. Kf3 Ra5 36. Rg8+ Ke7 37. Rg7+ Ke8 38. Qf1 Ne5+ 39. Kg3 Ra3 40. Qb5+ Rc6 41. Rg8+ Ke7 42. Rg7+ Nf7 43. Qxc6 Rxe3+ 44. Rf3 Rxf3+ 45. Kxf3 Qe4+ 46. Kg3 Qe1+ 47. Kg2 Qe4+ 48. Kg3 Qe1+ 1/2-1/2